| 000 | 00747nam a22002175i 4500 | ||
|---|---|---|---|
| 001 | 167970 | ||
| 003 | ES-MaACL | ||
| 005 | 20250626063215.0 | ||
| 008 | 920617s1871 be |||| | fre d | ||
| 040 |
_aCAT _bspa _cCAT _dCCPB |
||
| 100 | 1 |
_aWolff, Albert, _d1835-1891 _9133956 |
|
| 245 | 1 | 0 |
_aDeux empereurs (1870-1871) / _cAlbert Wolff. |
| 260 |
_aBruxelles : _bA.-N. Lebégue et Ce, _c1871. |
||
| 300 |
_a366 p. ; _c18 cm. |
||
| 600 | 0 | 4 |
_aGuillermo _bI _cEmperador alemán ( _d1797-1888) _9127625 |
| 600 | 0 | 4 |
_aNapoleón _bIII _cEmperador de Francia. _984912 |
| 650 | 4 |
_aEmperadores- _xBiografías. _9135974 |
|
| 700 | 1 |
_aLebègue, A.-N., et Cie. _9128811 |
|
| 852 |
_aES-MaACL _jG-11091 _z-- Enc. tela |
||
| 999 |
_c167970 _d167970 |
||